Japanese & Korean Car Logos - Statistics

General Stats
  • This quiz has been taken 118 times
  • The average score is 12 of 16
Answer Stats
Picture Answer % Correct
Toyota
97%
Lexus
94%
Honda
93%
Mazda
90%
Kia
89%
Subaru
89%
Hyundai
88%
Suzuki
87%
Mitsubishi
85%
Nissan
82%
Acura
77%
Infiniti
74%
Scion
59%
Daihatsu
50%
Datsun
37%
Isuzu
36%
No matching quizzes found
Score Distribution
Percent of People with Each Score
Percentile by Number Answered
Your Score History
You have not taken this quiz